| 000 | 01082pam a2200313 a 4500 | ||
|---|---|---|---|
| 001 | 6416 | ||
| 003 | FISKH | ||
| 005 | 20250602120640.0 | ||
| 008 | 940511s1995 nyua j 000 0 eng | ||
| 010 | _a 94018390 | ||
| 040 |
_aDLC _cDLC _dDLC _beng |
||
| 050 | _aGN62 .I57 | ||
| 082 | _a599.948 | ||
| 100 | 1 | _aIntrater, Roberta Grobel. | |
| 245 | 1 | 0 |
_aTwo eyes, a nose, and a mouth / _cby Roberta Grobel Intrater. |
| 260 |
_aNew York : _bScholastic, _c1995. |
||
| 300 |
_a32 unnumbered pages : _bcolor illustrations ; _c26 cm |
||
| 500 | _a"Cartwheel Books." | ||
| 505 | _aG | ||
| 520 | _aA visual smorgasbord of multicultural faces and expressions. The text serves to guide viewers to the diversity in humans. | ||
| 521 | 8 |
_a300
_bLexile estimate |
|
| 521 | 8 |
_aG
_bRaz-Plus |
|
| 650 | 0 |
_aPhysical anthropology _vJuvenile literature. |
|
| 650 | 0 |
_aHuman anatomy _xVariation _vJuvenile literature. |
|
| 650 | 0 |
_aHuman body _xSocial aspects _vJuvenile literature. |
|
| 906 |
_a7 _bcbc _corignew _d1 _eocip _f19 _gy-gencatlg |
||
| 942 |
_2ddc _cBK _n0 |
||
| 999 |
_c6416 _d6416 |
||